<?xml version="1.0" encoding="UTF-8"?><?xml-stylesheet type="text/xsl" href="static/style.xsl"?><OAI-PMH xmlns="http://www.openarchives.org/OAI/2.0/" xmlns:xsi="http://www.w3.org/2001/XMLSchema-instance" xsi:schemaLocation="http://www.openarchives.org/OAI/2.0/ http://www.openarchives.org/OAI/2.0/OAI-PMH.xsd"><responseDate>2026-04-13T06:40:48Z</responseDate><request verb="GetRecord" identifier="oai:www.recercat.cat:2117/81651" metadataPrefix="marc">https://recercat.cat/oai/request</request><GetRecord><record><header><identifier>oai:recercat.cat:2117/81651</identifier><datestamp>2025-07-17T05:29:24Z</datestamp><setSpec>com_2072_1033</setSpec><setSpec>col_2072_452950</setSpec></header><metadata><record xmlns="http://www.loc.gov/MARC21/slim" xmlns:dcterms="http://purl.org/dc/terms/" xmlns:xsi="http://www.w3.org/2001/XMLSchema-instance" xmlns:doc="http://www.lyncode.com/xoai" xsi:schemaLocation="http://www.loc.gov/MARC21/slim http://www.loc.gov/standards/marcxml/schema/MARC21slim.xsd">
   <leader>00925njm 22002777a 4500</leader>
   <datafield ind2=" " ind1=" " tag="042">
      <subfield code="a">dc</subfield>
   </datafield>
   <datafield ind2=" " ind1=" " tag="720">
      <subfield code="a">Mezher, Ahmad Mohamad</subfield>
      <subfield code="e">author</subfield>
   </datafield>
   <datafield ind2=" " ind1=" " tag="720">
      <subfield code="a">Iza, Cristhian</subfield>
      <subfield code="e">author</subfield>
   </datafield>
   <datafield ind2=" " ind1=" " tag="720">
      <subfield code="a">Tripp Barba, Carolina</subfield>
      <subfield code="e">author</subfield>
   </datafield>
   <datafield ind2=" " ind1=" " tag="720">
      <subfield code="a">Aguilar Igartua, Mónica</subfield>
      <subfield code="e">author</subfield>
   </datafield>
   <datafield ind2=" " ind1=" " tag="260">
      <subfield code="c">2015</subfield>
   </datafield>
   <datafield ind2=" " ind1=" " tag="520">
      <subfield code="a">Mobile ad hoc networks (MANETs) are infrastructureless networks formed by wireless mobile devices. Routing in MANETs is a process where the best path will be selected so that packets  will  be  forwarded.  When  a  MANET  is  heavily  loaded, single  path  routing  begins  to  have  congestion  problems.  To cope with this issue, multipath routing protocols were proposed improving  the  single  path  routing  in  terms  of  packet  delivery ratio  and  quality  of  service  (QoS).  Normally,  QoS  metrics  are used  to  classify  paths  in  order  to  chose  those  (i.e.,  number  of paths >2) who satisfy the QoS-user-requirements. Besides, paths are  classified  with  an  equal  metrics  weights  which  we  do  not consider  as  an  optimal  way.  In  this  article,  we  aimed  to  design a  new  form  of  distributing  weight  values  for  metrics  so  that paths  would  be  classified  in  a  better  way.  Each  time  we  want to  classify  paths,  our  proposal  seeks  to  give  a  proper  value  to each metric weight depending on the metric current value with respect  to  an  average  one  previously  defined.  We  consider  that depending  on  the  variation  of  metric  value,  a  corresponding weight to this current variation must be given. To achieve that, a simple algorithm has been designed. Finally, paths are classified taking into account our algorithm to calculate all weights value. Simulations have been done to show the benefits of our proposal where interfering traffic and mobility of the nodes are present.</subfield>
   </datafield>
   <datafield ind2=" " ind1=" " tag="520">
      <subfield code="a">Peer Reviewed</subfield>
   </datafield>
   <datafield ind2=" " ind1=" " tag="520">
      <subfield code="a">Postprint (published version)</subfield>
   </datafield>
   <datafield tag="653" ind2=" " ind1=" ">
      <subfield code="a">Àrees temàtiques de la UPC::Enginyeria de la telecomunicació::Radiocomunicació i exploració electromagnètica::Comunicacions mòbils</subfield>
   </datafield>
   <datafield tag="653" ind2=" " ind1=" ">
      <subfield code="a">Àrees temàtiques de la UPC::Enginyeria de la telecomunicació::Telemàtica i xarxes d'ordinadors</subfield>
   </datafield>
   <datafield tag="653" ind2=" " ind1=" ">
      <subfield code="a">Ad hoc networks (Computer networks)</subfield>
   </datafield>
   <datafield tag="653" ind2=" " ind1=" ">
      <subfield code="a">Wireless LANs</subfield>
   </datafield>
   <datafield tag="653" ind2=" " ind1=" ">
      <subfield code="a">Mobile ad hoc networks</subfield>
   </datafield>
   <datafield tag="653" ind2=" " ind1=" ">
      <subfield code="a">Adaptive multipath routing</subfield>
   </datafield>
   <datafield tag="653" ind2=" " ind1=" ">
      <subfield code="a">Video-streaming services</subfield>
   </datafield>
   <datafield tag="653" ind2=" " ind1=" ">
      <subfield code="a">QoS metric weights</subfield>
   </datafield>
   <datafield tag="653" ind2=" " ind1=" ">
      <subfield code="a">Xarxes ad hoc (Xarxes d'ordinadors)</subfield>
   </datafield>
   <datafield tag="653" ind2=" " ind1=" ">
      <subfield code="a">Xarxes locals sense fil Wi-Fi</subfield>
   </datafield>
   <datafield ind2="0" ind1="0" tag="245">
      <subfield code="a">A dynamic multimetric weights distribution in a multipath routing protocol using video-streaming services over MANETs</subfield>
   </datafield>
</record></metadata></record></GetRecord></OAI-PMH>